000 00627nam a2200229Ia 4500
003 OSt
005 20220928125208.0
006 a|||||r|||| 00| 0
007 ta
008 220927b |||||||| |||| 00| 0 eng d
024 _a31528
037 _cTextual
040 _aSDCL
_cSDCL
_beng
041 _2eng
_aeng
082 _aX:991.3'N7, M0
100 _aLindley Robert M Ed.
_9468835
245 0 _aEconomic change and employment policy
260 _aLondon
_bMacmillan Press
_c1980
300 _axvii,395p
_ccm.
942 _hX:991.3'N7, M0
_cTEXL
_2CC
999 _c781547
_d781547